| 000 | 00998nam a2200181Ia 4500 | ||
|---|---|---|---|
| 008 | 130821s1987 pn gr spa | ||
| 040 |
_aCo-BoUCM _bspa |
||
| 041 | 0 | 0 | _aspa |
| 100 | 1 | _aBoutin I., Gilberto | |
| 245 | 1 | 0 |
_aDel régimen jurídico internacional de los acuerdos Torrijos-Carter de 1977 _cpor Gilberto Boutin I |
| 260 |
_aPanamá (Panamá, Suramérica) _bLotería Nacional de Beneficiencia _c1987 |
||
| 300 | _a183 páginas | ||
| 505 | _aDe la naturaleza de la Comisión del Canal de Panamá. Del régimen de privilegios e inmunidades en el tratado Torrijos-Carter de 1977. -- De los conflictos de Jurisdicción en los tratados Torrijos-Carter de 1977. -- De la ley 96-70 Validez y orden Público. -- Conclusiones. -- Anexos. | ||
| 651 | 7 |
_aEstados Unidos _bRelaciones internacionales _zPanamá _vTratados _97595 |
|
| 651 | 7 |
_aPanamá _bRelaciones internacionales _zEstados Unidos _vTratados _921028 |
|
| 942 |
_cLIBRO _a8 _e1 _mB778d _2DEWEY _h341.2 |
||
| 999 |
_c61657 _d61657 |
||